Książęta krakowscy w rozbiciu dzielnicowym polski - Statystyki

Ogólne statystyki
  • Ten quiz został rozwiązany 187 razy
    142 od ostatniego zresetowania
  • Średni wynik to 26 z 34
Statystyki odpowiedzi
Odpowiedź Lata % Poprawnych
Władysław II Wygnaniec 1138-1146
92%
Mieszko III Stary 1173-1177
90%
Mieszko III Stary 1191
90%
Mieszko III Stary 1198-1199
90%
Mieszko III Stary 1199-1202
90%
Leszek I Biały 1194-1198
88%
Leszek I Biały 1199
88%
Leszek I Biały 1206-1210
88%
Leszek I Biały 1211-1225
88%
Leszek I Biały 1225-1227
88%
Bolesław IV Kędzierzawy 1146-1173
86%
Władysław IV Łokietek 1289
85%
Władysław IV Łokietek 1306-1320
85%
Kazimierz II Sprawiedliwy 1177-1191
84%
Kazimierz II Sprawiedliwy 1191-1194
84%
Leszek II Czarny 1279-1288
84%
Wacław II 1291-1305
83%
Konrad I Mazowiecki 1229-1231
80%
Konrad I Mazowiecki 1241-1243
80%
Przemysł II 1290-1291
80%
Henryk II Pobożny 1238-1241
79%
Wacław III 1305-1306
78%
Henryk I Brodaty 1225
73%
Henryk I Brodaty 1229
73%
Henryk I Brodaty 1231-1238
73%
Bolesław V Wstydliwy 1243-1279
67%
Władysław III Laskonogi 1202-1206
67%
Władysław III Laskonogi 1227-1229
67%
Henryk III Prawy 1288-1289
66%
Henryk III Prawy 1289-1290
66%
Mieszko IV Plątonogi 1210-1211
61%
Bolesław II Rogatka 1241
59%
Bolesław VI Mazowiecki 1288
25%
Bolesław VI Mazowiecki 1289
25%
Nie znaleziono quizów pasujących do podanych kryteriów
Rozkład punktacji
Procent ludzi z każdym wynikiem
Percentyl według liczby udzielonych odpowiedzi
Twoja historia wyników
Nie rozwiązałeś tego quizu od ostatniego zresetowania